000 00916nam a22002657a 4500
001 BR8303013
003 BR-BrBNA
005 20230928091700.0
007 ta
008 230509b bl.||||| |||| 00| 0 por d
040 _aBR-BrBNA
_bpor
_cBiblioteca Nacional de Agricultura
041 _a(Por)
072 _aE70
_b/G514
090 _ E70 BR8303013
110 1 _aFundacao Centro Estadual de Planejamento Agricola, Salvador, BA (Brasil)
_94810
245 1 _aIndices de estacionalidade dos precos recebidos pelos agricultores rurais no estado da Bahia 1922-81 [Brasil]
260 3 _aSalvador, BA (Brasil):
_c1983.
300 _a158 p.
500 _aNumerical data. (*) Documento disponível na(o) Fundacao Centro Estadual de Planejamento Agricola, Salvador, BA (Brazil)
650 _aPOLITICA DE PRECO
650 _aPRECO RECEBIDO
650 _aBAHIA
909 _a202309
_bLucia
_c55
_dLucia Elande
942 _cBK
999 _c34998
_d34998